Pour une innovation equilibree entre exploration et exploitation : le tableau de bord de l'innovateur /

Bibliographic Details
Main Authors: Lado Nogning, Florent, (Author), Gardoni, Mickael, (Author)
Other Authors: Henkel, Daniele, 1956- (writer of foreword.)
Format: eBook
Language:French
Published: Quebec (Quebec) : Presses de l'Universite du Quebec, [2020]
Series:Ecole de technologie superieure
Subjects:
Online Access:Click to View
LEADER 01988nam a2200421 i 4500
001 EBC6178467
003 MiAaPQ
005 20220522175031.0
006 m o d |
007 cr cnu||||||||
008 220522s2020 xxca ob 000 0 fre d
020 |z 9782760552272  |q (print) 
020 |a 9782760552289  |q (electronic bk.) 
035 |a (MiAaPQ)EBC6178467 
035 |a (Au-PeEL)EBL6178467 
035 |a (OCoLC)1152134179 
040 |a MiAaPQ  |b eng  |e rda  |e pn  |c MiAaPQ  |d MiAaPQ 
050 4 |a HD2341  |b .L336 2020 
082 0 |a 338.642  |2 23 
100 1 |a Lado Nogning, Florent,  |e author. 
245 1 0 |a Pour une innovation equilibree entre exploration et exploitation :  |b le tableau de bord de l'innovateur /  |c Florent Lado Nogning et Mickael Gardoni ; preface de Daniele Henkel. 
264 1 |a Quebec (Quebec) :  |b Presses de l'Universite du Quebec,  |c [2020] 
264 4 |c Ã2020 
300 |a 1 online resource (xiv, 88 pages) :  |b illustrations. 
336 |a text  |b txt  |2 rdacontent 
337 |a computer  |b c  |2 rdamedia 
338 |a online resource  |b cr  |2 rdacarrier 
490 0 |a Ecole de technologie superieure 
504 |a Includes bibliographical references. 
588 |a Description based on print version record. 
590 |a Electronic reproduction. Ann Arbor, MI : ProQuest, 2018. Available via World Wide Web. Access may be limited to ProQuest affiliated libraries. 
650 0 |a Small business  |x Technological innovations. 
655 4 |a Electronic books. 
700 1 |a Gardoni, Mickael,  |e author. 
700 1 |a Henkel, Daniele,  |d 1956-  |e writer of foreword. 
776 0 8 |i Print version:  |a Lado Nogning, Florent.  |t Pour une innovation equilibree entre exploration et exploitation : le tableau de bord de l'innovateur.  |d Quebec (Quebec) : Presses de l'Universite du Quebec, c2020   |h xiv, 88 pages   |k Ecole de technologie superieure   |z 9782760552272 
797 2 |a ProQuest (Firm) 
856 4 0 |u https://ebookcentral.proquest.com/lib/matrademy/detail.action?docID=6178467  |z Click to View